| 000 | 00840 a2200277 4500 | ||
|---|---|---|---|
| 999 |
_c200153658 _d36291 |
||
| 001 | 200153658 | ||
| 003 | TR-AnTOB | ||
| 005 | 20231218135316.0 | ||
| 008 | 140121s tu 000 0 | ||
| 020 | _a9786055327361 | ||
| 040 |
_aTR-AnTOB _cTR-AnTOB _beng _erda |
||
| 041 | 0 | _atur | |
| 050 | 0 | 0 |
_aHG4523 _bS47 2013 |
| 090 |
_aHG4523 _bS47 2013 |
||
| 245 | 1 | 0 |
_aSermaye yeterliliği şerhi / _cAyhan Aydın İnan...[ve ötek.]. |
| 264 | 1 |
_aİstanbul : _bTürkiye Bankalar Birliği, _c2013. |
|
| 300 |
_a263 s. : _bşkl., tbl. ; _c24 sm. |
||
| 336 |
_2rdacontent _atext _btxt |
||
| 337 |
_2rdamedia _aunmediated _bn |
||
| 338 |
_2rdacarrier _avolume _bnc |
||
| 490 | 0 |
_aTürkiye Bankalar Birliği ; _v299 |
|
| 650 | 0 | 7 |
_aSermaye piyasası _2etuturkob _93696 |
| 650 | 7 |
_aBanka sermayesi _2etuturkob _919980 |
|
| 942 |
_cBK _2lcc |
||